| 000 | 01338nam a2200337 i 4500 | ||
|---|---|---|---|
| 003 | EG-GICUC | ||
| 005 | 20260121101646.0 | ||
| 008 | 260104s1998 ua ||||fr|||| 001 0 ara d | ||
| 017 | _a97/5029 | ||
| 020 | _a9770420042 | ||
| 040 |
_a EG-GICUC _bara _c EG-GICUC _d EG-GICUC _erda |
||
| 041 | _aara | ||
| 082 | 0 | 4 |
_a343.425 _bم ح . ح _221 |
| 092 | 0 | 4 | _221 |
| 099 | _aLaw1 10 343.425 م ح . ح 1998 1006806 | ||
| 100 | 0 |
_aمحمد عبد اللطيف عبد العال. _eمؤلف. |
|
| 245 | 1 | 2 |
_aالحظر والرقابة على النشر في القانون الجنائي المصري : _bدراسة تأصيلية تحليلية / _cالدكتور محمد عبد اللطيف عبد العال. |
| 264 | 1 |
_aالقاهرة : _bدار النهضة العربية، _c1998. |
|
| 300 |
_a195 صفحة ؛ _c24 سم. |
||
| 336 |
_2rda content _atext |
||
| 337 |
_2rda media _aComputer |
||
| 338 |
_2rda carrier _aOnline Resource |
||
| 504 | _aيشتمل على ارجاعات ببليوجرافية. | ||
| 504 | _aببليوجرافيا: صفحات 187-193. | ||
| 546 | _aالنص باللغة العربية | ||
| 650 | 1 |
_aالتشريعات المتعلقة بالصحافة _2qrmak |
|
| 651 | 1 | _2qrmak | |
| 856 | 4 | 0 | _uhttps://fll.law.cu.edu.eg/fulltext/bks/B10-06806.pdf |
| 905 | _a18 | ||
| 942 |
_2ddc _n0 _cBK _e21 |
||
| 999 |
_c54462 _d54462 |
||